000 01083nam a2200193Ia 4500
008 220216s9999 xx 000 0 und d
100 _aXiaodi Wei
245 0 _aStudies and application of stimulated exploitation systems for Hevea brasiliensis in China
260 _bProceedings of IRRDB Symposium 1999, Hainan, Peoples Republic of China. pp.206-220.
520 _aThe research and application of tapping systems with ethephon stimulation for Hevea brasiliensis in China were introduced, including the technical conceivability of stimulated tapping systems in China; the characteristic of stimulated tapping systems in China; the physiological effects of trees with stimulation tapping systems; several stimulated tapping systems in research and application, and the effects and experience of application of stimulated tapping systems.
650 _aDynamic analysis of tree physiology
650 _aEthephon stimulated
650 _aTapping system
700 _aShiqiao Luo
700 _aWencheng Huang
700 _aWenxian Xu
700 _aXianzhou Xiao
942 _cJS
999 _c69500
_d69500